Our concern is children. (Record no. 9085)

000 -LEADER
fixed length control field 00587nam a2200193 a 4500
001 - CONTROL NUMBER
control field :::00006866$&:&@@
003 - CONTROL NUMBER IDENTIFIER
control field OkBaRHE
005 - DATE AND TIME OF LATEST TRANSACTION
control field 20000607103333.0
008 - FIXED-LENGTH DATA ELEMENTS--GENERAL INFORMATION
fixed length control field s1949 j 000 0 eng u
040 ## - CATALOGING SOURCE
Transcribing agency
100 1# - MAIN ENTRY--PERSONAL NAME
Personal name Caldwell, Irene Smith.
245 10 - TITLE STATEMENT
Title Our concern is children.
260 ## - PUBLICATION, DISTRIBUTION, ETC. (IMPRINT)
Place of publication, distribution, etc Anderson, IN., :
Name of publisher, distributor, etc The Warner Press
Date of publication, distribution, etc c1949
300 ## - PHYSICAL DESCRIPTION
Extent 180 p. : illus. ;
Dimensions 20 cm.
650 ## - SUBJECT ADDED ENTRY--TOPICAL TERM
Topical term or geographic name as entry element Child Psychology
650 ## - SUBJECT ADDED ENTRY--TOPICAL TERM
Topical term or geographic name as entry element Church Work with Children
942 ## - ADDED ENTRY ELEMENTS (KOHA)
Source of classification or shelving scheme
Koha item type Books
Copies
Price effective from Source of classification or shelving scheme Permanent Location Copy number Koha item type Full call number Lost status Damaged status Date last seen Not for loan Shelving location Date acquired Withdrawn status Barcode
2010-04-14 RHEMA Bible Training College1BooksBV 639 .C273  2010-04-14 General Stacks2010-04-14 6866